| 000 | 01720nam a22002537a 4500 | ||
|---|---|---|---|
| 008 | 250616b |||||||| |||| 00| 0 eng d | ||
| 020 | _a9781529094084 | ||
| 040 | _ctbs | ||
| 041 | _aeng | ||
| 100 |
_aMorton, Kate _d1976- _925438 _eauthor |
||
| 245 |
_aHomecoming _c/ Kate Morton. |
||
| 260 |
_aDublin : _bPan Books, _c2024. |
||
| 300 |
_a631 pages ; _c20 cm. |
||
| 520 | _aDiscover this breathtaking mystery of love, lies and a cold case come back to life, from the multi-million-copy bestseller, Kate Morton. Adelaide Hills, 1959. At the end of a scorching hot day, in the grounds of a grand country house, a local man makes a terrible discovery. Police are called, and the small town of Tambilla becomes embroiled in one of the most mystifying murder investigations in the history of Australia. London, 2018. Jess is a journalist in search of a story. Having lived and worked in London for nearly two decades, a phone call summons her back to Sydney, where her beloved grandmother, Nora, has suffered a fall and is seriously ill in hospital. Seeking comfort in her past, Jess discovers a true crime book at Nora’s house chronicling a long-buried police case: the Turner Family Tragedy of 1959. And within its pages she finds a shocking personal connection to this notorious event – a crime that has never truly been solved... | ||
| 650 | 0 |
_aGrandmothers _vFiction _925439 |
|
| 650 | 0 |
_aMurder _xInvestigation _vFiction _97769 |
|
| 650 | 0 |
_aMurder _vFiction _925440 |
|
| 650 | 0 |
_aWomen journalists _vFiction _925441 |
|
| 650 | 0 |
_aNineteen fifties _vFiction _925442 |
|
| 651 | 0 |
_aAustralia _vFiction _925443 |
|
| 651 | 0 |
_aSydney (N.S.W.) _vFiction _925444 |
|
| 655 | 0 |
_aSuspense fiction _922726 |
|
| 942 | _2lcc | ||
| 999 |
_c4740 _d4740 |
||